000 00570nam a22002057a 4500
003 OSt
005 20220107122738.0
008 140419b xxu||||| |||| 00| 0 eng d
020 _a9788120346451
040 _cIIITM-K
082 _a346.04 SOP/M
100 _aSople, Vinod V
_94260
245 _aManaging intellectual property:
_bThe strategic imperative
_cby Vinod V Sople
250 _a3rd ed.
260 _aNew Delhi,
_bPHI Learning,
_c2012.
300 _axv, 394p.
650 _aMANAGEMENT
_94261
650 _aINTELLECTUAL POPERTY RIGHTS
_94262
942 _2ddc
_cBK
999 _c3886
_d3886